Kuvavisa: Pohjois-Amerikan suurimmat C:llä alkavat kaupungit - Statistics

Yleistilastot
  • Tätä visaa on pelattu 21 kertaa
  • Keskiarvotulos 5 / 16
Vastaustilastot
Kuvavisa Hint Vastaus % Oikein
🇺🇸 2 660 000 Chicago
93%
🇨🇦 1 310 000 Calgary
67%
🇲🇽 1 500 000 Ciudad {Juárez}
67%
🇺🇸 360 000 Cleveland
60%
🇺🇸 910 000 Charlotte
47%
🇺🇸 910 000 Columbus
47%
🇲🇽 890 000 Cancún
33%
🇺🇸 490 000 Colorado Springs
27%
🇲🇽 810 000 Culiacán
13%
🇭🇹 430 000 Carrefour (Kafou)
7%
🇲🇽 930 000 Chihuahua
7%
🇲🇽 380 000 Celaya
0%
🇲🇽 700 000 {Chimal}huacán
0%
🇲🇽 450 000 Ciudad General {Escobedo}
0%
🇲🇽 520 000 Ciudad {López Mateos} ({Atizapán})
0%
🇲🇽 520 000 {Cuautitlán} Izcalli
0%
Ehtoja vastaavia visoja ei löytynyt
Tulosjakauma
Jokaisen tuloksen saaneiden osuus
Persentiili vastausten määrän mukaan
Tuloshistoriasi
Et ole pelannut tätä visaa